Online katalóg knižníc regiónu Turca

Očakávaná (Record no. 22455)

MARC details
000 -LEADER
fixed length control field 01252cam a2200385 a 4500
001 - CONTROL NUMBER
control field 22455
003 - CONTROL NUMBER IDENTIFIER
control field SK-KTurca
005 - DATE AND TIME OF LATEST TRANSACTION
control field 20260328124153.0
008 - FIXED-LENGTH DATA ELEMENTS--GENERAL INFORMATION
fixed length control field 160610s2007 xo d 000 f slo
015 ## - NATIONAL BIBLIOGRAPHY NUMBER
National bibliography number SNBA2008/01-00293
020 ## - INTERNATIONAL STANDARD BOOK NUMBER
International Standard Book Number 9788055113913
Qualifying information (viaz.)
035 ## - SYSTEM CONTROL NUMBER
System control number 9656E403-15B2-4B45-A0A9-6937D65BFB27
035 ## - SYSTEM CONTROL NUMBER
System control number urn:nbn:sk:snk-amlaff
035 ## - SYSTEM CONTROL NUMBER
System control number urn:nbn:sk:snk-am0093aw
040 ## - CATALOGING SOURCE
Original cataloging agency POKPOH
Language of cataloging slo
Transcribing agency POKPOH
Modifying agency SNK
Description conventions AACR2
041 1# - LANGUAGE CODE
Language code of text/sound track or separate title slo
Language code of original eng
044 ## - COUNTRY OF PUBLISHING/PRODUCING ENTITY CODE
MARC country code xo
ISO country code SK
072 #7 - SUBJECT CATEGORY CODE
Subject category code 821.111(73)-3
Subject category code subdivision Americká próza
Source konspekt
080 ## - UNIVERSAL DECIMAL CLASSIFICATION NUMBER
Universal Decimal Classification number 821.111(73)-31
Edition identifier 2001
080 ## - UNIVERSAL DECIMAL CLASSIFICATION NUMBER
Universal Decimal Classification number (0:82-311.6)
Edition identifier 2001
080 ## - UNIVERSAL DECIMAL CLASSIFICATION NUMBER
Universal Decimal Classification number 27-236.5
Edition identifier 2001
100 1# - MAIN ENTRY--PERSONAL NAME
Personal name McGowan, Kathleen,
Dates associated with a name 1963-
Relationship aut
240 14 - UNIFORM TITLE
Uniform title The expected one
Language of a work Slovensky
245 10 - TITLE STATEMENT
Title Očakávaná
Statement of responsibility, etc. Kathleen McGowanová ; [z anglického originálu preložil Alojz Keníž]
250 ## - EDITION STATEMENT
Edition statement [1. vyd.]
260 ## - PUBLICATION, DISTRIBUTION, ETC.
Place of publication, distribution, etc. Bratislava
Name of publisher, distributor, etc. Ikar
Date of publication, distribution, etc. 2007
300 ## - PHYSICAL DESCRIPTION
Extent 373 s.
Dimensions 24 cm
500 ## - GENERAL NOTE
General note Prvá časť trilógie o Márii Magdaléne
600 07 - SUBJECT ADDED ENTRY--PERSONAL NAME
Personal name Mária Magdaléna,
Titles and other words associated with a name svätá,
Dates associated with a name 1. storočie
Source of heading or term SNKMA
650 07 - SUBJECT ADDED ENTRY--TOPICAL TERM
Topical term or geographic name entry element biblické postavy
Source of heading or term SNKPH
655 07 - INDEX TERM--GENRE/FORM
Genre/form data or focus term historické romány
Source of term SNKPH
655 #7 - INDEX TERM--GENRE/FORM
Genre/form data or focus term americké romány
Source of term SNKPH
700 1# - ADDED ENTRY--PERSONAL NAME
Personal name Keníž, Alojz,
Dates associated with a name 1952-
Relationship trl
942 ## - ADDED ENTRY ELEMENTS (KOHA)
Source of classification or shelving scheme Dewey Decimal Classification
Koha item type Krásna literatúra pre dospelých
Suppress in OPAC No
Holdings
Stav vyradenia Strata Poškodenie Spôsob nadobudnutia Domovská knižnica Aktuálna knižnica Dátum nadobudnutia Total checkouts Čiarový kód exemplára Date last seen Typ exemplára
      Dar Obecná knižnica Horná Štubňa Obecná knižnica Horná Štubňa 28.03.2026   9788055113913 28.03.2026 Krásna literatúra pre dospelých
Projekt je podporený Slovenskou asociáciou knižníc
Prevádzkuje Turčianska knižnica Martin 2026